[Event "I Weekend"]
[Site "Rivarolo Mantovano ITA"]
[Date "2003.10.11"]
[Round "1"]
[White "Bellelli, Ettore"]
[Black "Bonugli, Carlo"]
[Result "0-1"]
[WhiteElo "1600"]
[BlackElo "2047"]
[PlyCount "84"]
[EventDate "2003.10.11"]

1. d4 Nf6 2. c4 c5 3. d5 g6 4. Nc3 Bg7 5. Nf3 d6 6. e4 O-O 7. Be2 e6 8. O-O
exd5 9. cxd5 Re8 10. h3 Nxe4 11. Nxe4 Rxe4 12. Bd3 Re8 13. Rb1 Nd7 14. Bf4 Ne5
15. Nxe5 Bxe5 16. Bxe5 Rxe5 17. Re1 Rxe1+ 18. Qxe1 Bd7 19. Qd2 Qf6 20. Re1 Re8
21. Rxe8+ Bxe8 22. a3 b6 23. Bb1 Bd7 24. b4 Qa1 25. Qa2 Qxa2 26. Bxa2 Kg7 27.
f4 Kf6 28. Bb1 Bf5 29. Ba2 Be4 30. g4 h6 31. Kf2 g5 32. Kg3 Bc2 33. Kf3 a5 34.
bxa5 bxa5 35. Ke3 gxf4+ 36. Kxf4 a4 37. Ke3 Ke5 38. h4 Bd1 39. g5 hxg5 40. hxg5
Kf5 41. Kd2 Bf3 42. Bb1+ Be4 0-1

[Event "I Weekend"]
[Site "Rivarolo Mantovano ITA"]
[Date "2003.10.11"]
[Round "1"]
[White "Benedetti, Maurizio"]
[Black "Mussap, Angelo"]
[Result "0-1"]
[WhiteElo "1522"]
[BlackElo "1807"]
[PlyCount "51"]
[EventDate "2003.10.11"]

1. e4 c5 2. Nf3 d6 3. c3 Nf6 4. d3 Nc6 5. Na3 Bg4 6. Be2 e6 7. Nc4 Be7 8. h3
Bh5 9. O-O O-O 10. Re1 Qd7 11. Bf4 Rad8 12. Bh2 b5 13. Ne3 Qb7 14. g4 Bg6 15.
Nh4 Nd7 16. Nxg6 fxg6 17. Ng2 e5 18. f4 h6 19. f5 g5 20. Bg3 Bf6 21. Qb3+ Kh7
22. h4 c4 23. Qd1 d5 24. hxg5 hxg5 25. Bf3 dxe4 26. Bxe4 {...} 0-1

[Event "I Weekend"]
[Site "Rivarolo Mantovano ITA"]
[Date "2003.10.11"]
[Round "1"]
[White "Bozuffi, Italo"]
[Black "Moi, Roberto"]
[Result "0-1"]
[WhiteElo "1570"]
[BlackElo "1840"]
[PlyCount "111"]
[EventDate "2003.10.11"]

1. b3 e5 2. Bb2 Nc6 3. d3 Nf6 4. g3 Bc5 5. e3 d6 6. h3 Bf5 7. a3 Qe7 8. b4 Bb6
9. Bg2 O-O 10. Nd2 d5 11. g4 Be6 12. b5 Na5 13. Bxe5 Rad8 14. Bb2 c5 15. a4
Rfe8 16. Qf3 d4 17. e4 h6 18. Ne2 c4 19. Ba3 Bc5 20. Bxc5 Qxc5 21. O-O c3 22.
Nb1 Qc8 23. Nf4 Nd7 24. Nxe6 Ne5 25. Qe2 Qxe6 26. f4 Nd7 27. e5 f6 28. Be4 fxe5
29. f5 Qf6 30. Qg2 Nc5 31. Na3 Nxe4 32. Qxe4 Qd6 33. Nc4 Nxc4 34. dxc4 d3 35.
f6 Rf8 36. Rad1 d2 37. f7+ Rxf7 38. Rxf7 Kxf7 39. Qh7 Qd4+ 40. Kg2 Qf4 41. Qf5+
Qxf5 42. gxf5 Kf6 43. Kf3 Kxf5 44. Ke3 Rd4 45. c5 Ke6 46. a5 Rc4 47. a6 bxa6
48. b6 axb6 49. cxb6 Rb4 50. Kd3 Rxb6 51. Kxc3 Rd6 52. Kb3 e4 53. c4 e3 54. c5
e2 55. Kc2 exd1=Q+ 56. Kxd1 0-1

[Event "I Weekend"]
[Site "Rivarolo Mantovano ITA"]
[Date "2003.10.11"]
[Round "1"]
[White "Galli, Massimiliano"]
[Black "Ruggeri, Dario"]
[Result "0-1"]
[WhiteElo "1440"]
[BlackElo "1729"]
[PlyCount "96"]
[EventDate "2003.10.11"]

1. d4 d5 2. c4 c6 3. a4 Nf6 4. Nf3 Bf5 5. Bf4 Nbd7 6. e3 e6 7. Be2 Bb4+ 8. Nbd2
Ne4 9. O-O Ndf6 10. Nxe4 Nxe4 11. cxd5 exd5 12. Bd3 O-O 13. Qc2 Qe7 14. Rad1
Rfe8 15. Ne1 Bg6 16. Bxe4 Bxe4 17. Qb3 a5 18. Nd3 Bd6 19. Bxd6 Qxd6 20. Nc5
Rab8 21. Nxe4 Rxe4 22. Rd2 Qe7 23. Rc1 Re8 24. Qc3 f5 25. Re2 f4 26. f3 Rxe3
27. Rxe3 Qxe3+ 28. Qxe3 Rxe3 29. Rc5 Rd3 30. Rxa5 Rxd4 31. Ra8+ Kf7 32. Ra7
Rd1+ 33. Kf2 Rd2+ 34. Kf1 Rxb2 35. a5 Kf6 36. a6 bxa6 37. Rxa6 Rc2 38. Ra7 d4
39. Rd7 c5 40. Kg1 Rc3 41. Kf2 d3 42. g3 fxg3+ 43. hxg3 Rc2+ 44. Ke3 c4 45. g4
Re2+ 46. Kf4 d2 47. Rd6+ Ke7 48. Rd4 c3 0-1

[Event "I Weekend"]
[Site "Rivarolo Mantovano ITA"]
[Date "2003.10.11"]
[Round "1"]
[White "Gozzi, Fabrizio"]
[Black "Gualtieri, Primo"]
[Result "1-0"]
[WhiteElo "1812"]
[BlackElo "1552"]
[PlyCount "85"]
[EventDate "2003.10.11"]

1. e4 c5 2. Nf3 Nc6 3. d4 cxd4 4. Nxd4 Nf6 5. Nc3 e5 6. Ndb5 d6 7. Bg5 a6 8.
Na3 b5 9. Nd5 Qa5+ 10. Bd2 Qd8 11. Nxf6+ gxf6 12. c3 d5 13. exd5 Qxd5 14. Nc2
Rg8 15. Ne3 Qe4 16. Be2 Bd7 17. Bf3 Qg6 18. Qe2 Rd8 19. O-O-O Rc8 20. Nc2 Qxc2+
21. Kxc2 Nd4+ 22. Kd3 Nxe2 23. Kxe2 Bc6 24. Bxc6+ Rxc6 25. g3 Bc5 26. Be3 Ke7
27. Rd2 Rd8 28. Rxd8 Kxd8 29. Rd1+ Kc7 30. Bxc5 Rxc5 31. Rd3 e4 32. Rd4 Re5 33.
Ke3 f5 34. Kf4 f6 35. h3 h5 36. g4 hxg4 37. hxg4 fxg4 38. Rxe4 Kd6 39. Rxe5
fxe5+ 40. Kxg4 Ke6 41. Kf3 Kd5 42. Ke3 e4 43. b3 1-0

[Event "I Weekend"]
[Site "Rivarolo Mantovano ITA"]
[Date "2003.10.11"]
[Round "1"]
[White "Massa, Salvenrico"]
[Black "Badalotti, Dario"]
[Result "1-0"]
[WhiteElo "1750"]
[BlackElo "1450"]
[PlyCount "101"]
[EventDate "2003.10.11"]

1. c4 e5 2. Nc3 Nf6 3. g3 Bc5 4. Bg2 d6 5. d3 O-O 6. Nf3 Nc6 7. O-O h6 8. a3 a6
9. b4 Ba7 10. Qc2 Bf5 11. e3 Re8 12. Nh4 Bh7 13. Kh1 Rb8 14. Bb2 Ne7 15. Rae1
Ng6 16. Nf5 Ne7 17. Nxe7+ Rxe7 18. f4 exf4 19. exf4 Qe8 20. Rxe7 Qxe7 21. Ne4
Nxe4 22. dxe4 Re8 23. Qc3 f6 24. f5 Qe5 25. Qxe5 fxe5 26. Rd1 Kf8 27. Bf1 Bg8
28. g4 Ke7 29. Kg2 Rd8 30. Kf3 c5 31. h4 cxb4 32. axb4 Rc8 33. c5 Rc6 34. g5
hxg5 35. hxg5 Bf7 36. Kg4 g6 37. f6+ Kd7 38. Kf3 b6 39. Bxa6 bxc5 40. Bb5 cxb4
41. Bxe5 Bc5 42. Bxd6 Ke6 43. Bc4+ Kd7 44. Bxc5+ Kc7 45. Bd6+ Rxd6 46. Rxd6
Kxd6 47. Bxf7 Ke5 48. Bb3 Kd6 49. Kf4 Kd7 50. e5 Ke8 51. e6 1-0

[Event "I Weekend"]
[Site "Rivarolo Mantovano ITA"]
[Date "2003.10.11"]
[Round "1"]
[White "Panizzi, Giuseppe"]
[Black "Terbonati, Paolo"]
[Result "1-0"]
[WhiteElo "1841"]
[BlackElo "1572"]
[PlyCount "50"]
[EventDate "2003.10.11"]

1. c4 c5 2. Nc3 Nc6 3. g3 g6 4. Bg2 Bg7 5. d3 d6 6. Nf3 Nf6 7. O-O O-O 8. Bd2
Bd7 9. a3 Ne8 10. Rb1 a5 11. Qc1 Nc7 12. Bh6 Ne6 13. Bxg7 Kxg7 14. Nd5 Ncd4 15.
Re1 b5 16. Nxd4 Nxd4 17. cxb5 Bxb5 18. Qc3 Kg8 19. b4 axb4 20. axb4 Ra2 21. Rb2
Rxb2 22. Qxb2 e6 23. bxc5 dxc5 24. Nc3 Qb6 25. e3 Nf5 1-0

[Event "I Weekend"]
[Site "Rivarolo Mantovano ITA"]
[Date "2003.10.11"]
[Round "1"]
[White "Peron, Davide"]
[Black "Romagnoli, Franco"]
[Result "0-1"]
[WhiteElo "1585"]
[BlackElo "1940"]
[PlyCount "126"]
[EventDate "2003.10.11"]

1. e4 c5 2. Nf3 a6 3. c3 d5 4. exd5 Nf6 5. d4 cxd4 6. Qxd4 Qxd5 7. Bc4 Qxd4 8.
Nxd4 e6 9. Nd2 Bc5 10. N2f3 b5 11. Bb3 Bb7 12. O-O Bd5 13. Bg5 Nbd7 14. Bxd5
Nxd5 15. Rfe1 O-O 16. Rad1 N7b6 17. Bc1 Rac8 18. a3 Be7 19. Nc2 Bf6 20. Ne3
Nxe3 21. Rxe3 Rfd8 22. Red3 Rxd3 23. Rxd3 a5 24. Nd4 b4 25. axb4 axb4 26. Ne2
bxc3 27. bxc3 Nd5 28. Bd2 Rc4 29. g3 Kf8 30. f3 Ke7 31. Kf1 Ra4 32. Ke1 Ra3 33.
Kd1 Nb4 34. Re3 Ra1+ 35. Nc1 Nd5 36. Rd3 Ra4 37. Kc2 Rc4 38. Kb3 Rc8 39. Na2
Nb6 40. Nb4 Nc4 41. Be1 Ne5 42. Re3 Nd7 43. Nd5+ Kd6 44. Nxf6 Nxf6 45. c4 Rb8+
46. Bb4+ Kc6 47. Rd3 Nd7 48. Rd6+ Kc7 49. Kc3 Rxb4 50. Rxd7+ Kxd7 51. Kxb4 Kc6
52. Kc3 Kc5 53. Kd3 f6 54. h4 g6 55. g4 e5 56. Kc3 h6 57. Kd3 Kb4 58. g5 hxg5
59. hxg5 f5 60. c5 Kxc5 61. Ke3 e4 62. f4 Kd5 63. Kd2 Kd4 0-1

[Event "I Weekend"]
[Site "Rivarolo Mantovano ITA"]
[Date "2003.10.11"]
[Round "1"]
[White "Pipitone, Antonio"]
[Black "Conca, Mauro"]
[Result "1-0"]
[WhiteElo "2014"]
[BlackElo "1600"]
[PlyCount "63"]
[EventDate "2003.10.11"]

1. e4 b6 2. d4 Bb7 3. Nc3 e6 4. Nf3 d6 5. Bd3 g6 6. O-O Bg7 7. Bg5 Ne7 8. Re1
O-O 9. Qd2 Nd7 10. Bh6 Nf6 11. Bxg7 Kxg7 12. Rad1 Qd7 13. h3 Rad8 14. Qe3 Qc8
15. Ne2 Nh5 16. g4 Nf6 17. Ng3 Ne8 18. c4 Nc6 19. a3 a5 20. Qg5 h6 21. Qf4 Qd7
22. e5 Qe7 23. Be4 Rb8 24. d5 dxe5 25. Qe3 Nd8 26. Nxe5 Nf6 27. Qd4 Kh7 28. Bg2
Nd7 29. Nxd7 Qxd7 30. Ne4 Qe7 31. Nf6+ Kg7 32. Nd7+ 1-0

[Event "I Weekend"]
[Site "Rivarolo Mantovano ITA"]
[Date "2003.10.11"]
[Round "1"]
[White "Salati, Paolo"]
[Black "Braghetta, Sergio"]
[Result "0-1"]
[WhiteElo "1615"]
[BlackElo "2255"]
[PlyCount "100"]
[EventDate "2003.10.11"]

1. e4 e6 2. Qe2 c5 3. f4 Nc6 4. Nf3 Nf6 5. g3 b6 6. Bg2 Bb7 7. d3 Rc8 8. c3 Be7
9. O-O h5 10. Nbd2 d5 11. e5 Ng4 12. h3 Nh6 13. Kh2 Nf5 14. Re1 g6 15. Nf1 d4
16. c4 a6 17. N3d2 Rc7 18. Ne4 b5 19. b3 Rd7 20. Qc2 Nb4 21. Qe2 Qb6 22. a3 Nc6
23. Qc2 O-O 24. Bd2 Rc7 25. Rab1 Nb8 26. Qd1 Kg7 27. a4 Nd7 28. g4 hxg4 29.
Qxg4 Rh8 30. Nfg3 Bh4 31. Rg1 Nxg3 32. Nxg3 Bxg2 33. Rxg2 Bxg3+ 34. Rxg3 bxa4
35. Qd1 Rb7 36. Rg1 axb3 37. Qe1 b2 38. Qe4 Qc7 39. Ba5 Qb8 40. Rg2 Rb3 41. Qc6
Qb7 42. Qxb7 Rxb7 43. Rgxb2 Rxb2+ 44. Rxb2 Rb8 45. Rxb8 Nxb8 46. Kg3 f6 47. Bc7
Nd7 48. exf6+ Kxf6 49. Kg4 e5 50. fxe5+ Nxe5+ 0-1

[Event "I Weekend"]
[Site "Rivarolo Mantovano ITA"]
[Date "2003.10.11"]
[Round "1"]
[White "Schiatti, Piero"]
[Black "Menini, Luca"]
[Result "1-0"]
[WhiteElo "1804"]
[BlackElo "1516"]
[PlyCount "69"]
[EventDate "2003.10.11"]

1. c4 e5 2. g3 g6 3. Bg2 Bg7 4. Nc3 Ne7 5. d3 O-O 6. e4 d6 7. Nge2 Nbc6 8. O-O
f5 9. Bg5 h6 10. Be3 Kh7 11. Qd2 Be6 12. Nd5 Qd7 13. Rae1 Rf7 14. b4 f4 15.
gxf4 Nd4 16. fxe5 Nf3+ 17. Bxf3 Rxf3 18. Ndf4 Bxe5 19. Nxe6 Qxe6 20. Ng3 Raf8
21. Bxh6 R8f7 22. Re3 Bxg3 23. hxg3 Qg4 24. Rxf3 Qxf3 25. Qe3 Nc6 26. Qxf3 Rxf3
27. Be3 Nxb4 28. Rb1 Nxd3 29. Rxb7 Rf7 30. Rxa7 Ne5 31. c5 dxc5 32. Bxc5 Nc6
33. Ra8 Kg7 34. a4 Kf6 35. Ra6 1-0

[Event "I Weekend"]
[Site "Rivarolo Mantovano ITA"]
[Date "2003.10.11"]
[Round "1"]
[White "Tencati, Giuseppe"]
[Black "Dordoni, Dario"]
[Result "1-0"]
[WhiteElo "2115"]
[BlackElo "1609"]
[PlyCount "87"]
[EventDate "2003.10.11"]

1. d4 d5 2. c4 e6 3. Nc3 Nf6 4. Bg5 Nbd7 5. e3 c6 6. Nf3 Qa5 7. Bxf6 Nxf6 8.
Qc2 Bb4 9. Nd2 Bd7 10. Bd3 dxc4 11. Nxc4 Qc7 12. O-O c5 13. a3 Bxc3 14. bxc3
Ng4 15. g3 b5 16. Nd2 c4 17. Be2 Nf6 18. a4 bxa4 19. Nxc4 Rc8 20. Rfc1 Nd5 21.
e4 Nb6 22. Ne5 O-O 23. c4 Be8 24. c5 f6 25. Nf3 Qe7 26. Qa2 Na8 27. Bc4 Nc7 28.
Rab1 Bc6 29. d5 exd5 30. exd5 Kh8 31. dxc6 Qe4 32. Nh4 Qxc6 33. Bf1 Qe4 34. Bg2
Qg4 35. Rc4 Qh5 36. Qxa4 Ne6 37. c6 f5 38. Qd1 Qf7 39. Rb7 Qe8 40. Qd7 Qh5 41.
Qxe6 Qd1+ 42. Bf1 Rce8 43. Qd7 Rg8 44. Qxd1 1-0

[Event "I Weekend"]
[Site "Rivarolo Mantovano ITA"]
[Date "2003.10.11"]
[Round "1"]
[White "Zordan, Giovanni"]
[Black "Fezzardi, Emanuele"]
[Result "0-1"]
[WhiteElo "1453"]
[BlackElo "1762"]
[PlyCount "60"]
[EventDate "2003.10.11"]

1. d4 d5 2. c4 c6 3. cxd5 cxd5 4. Nf3 Nf6 5. Nc3 Nc6 6. Bg5 e6 7. Bxf6 Qxf6 8.
e4 dxe4 9. Nxe4 Bb4+ 10. Nc3 O-O 11. Bb5 Rd8 12. Bxc6 bxc6 13. O-O c5 14. Ne4
Qf4 15. Qc2 cxd4 16. Rad1 Ba6 17. Neg5 g6 18. g3 Qf6 19. Qc6 Bxf1 20. Rxd4 Be2
21. Rf4 Bxf3 22. Nxf3 Qe7 23. Ne5 Rac8 24. Qf3 Rf8 25. h4 Bd6 26. Nc6 Rxc6 27.
Qxc6 Bxf4 28. gxf4 Qxh4 29. Qc7 Rd8 30. Qxa7 Rd1+ 0-1

[Event "I Weekend"]
[Site "Rivarolo Mantovano ITA"]
[Date "2003.10.12"]
[Round "2"]
[White "Badalotti, Dario"]
[Black "Salati, Paolo"]
[Result "1-0"]
[WhiteElo "1450"]
[BlackElo "1615"]
[PlyCount "120"]
[EventDate "2003.10.11"]

1. e4 Nf6 2. Nc3 d5 3. d3 d4 4. Nce2 e5 5. Nf3 Nc6 6. Ng3 Bg4 7. Be2 Bb4+ 8.
Bd2 Bxd2+ 9. Nxd2 Qd7 10. Bxg4 Nxg4 11. h3 Nh6 12. O-O O-O 13. Nb3 b6 14. Qe2
Ne7 15. Rad1 c5 16. c3 Rac8 17. Rd2 Qa4 18. Nc1 Rfd8 19. Qd1 Qc6 20. Re1 f6 21.
Ree2 Ng6 22. Rc2 Nf4 23. Red2 f5 24. f3 Qg6 25. Nce2 fxe4 26. Nxf4 Qxg3 27. Ne2
Qg5 28. fxe4 Nf7 29. cxd4 cxd4 30. Nc1 Qe3+ 31. Kh1 Ng5 32. Qe2 Rxc2 33. Rxc2
Qxe2 34. Nxe2 Ne6 35. Kg1 Nc5 36. Nc1 Kf7 37. Kf2 Rc8 38. Ke2 Ke7 39. b4 Kd6
40. bxc5+ bxc5 41. Nb3 Rc7 42. Kf3 Rf7+ 43. Kg3 Rc7 44. Kg4 Ke6 45. Rxc5 Rf7
46. Rc2 Rf4+ 47. Kg3 Kd6 48. Nc5 g5 49. Nb7+ Ke7 50. Na5 h5 51. Kh2 g4 52. h4
Rf6 53. g3 Ra6 54. Nb3 Kd6 55. Kg2 Ra3 56. Kf2 a5 57. Ke2 a4 58. Na5 Rc3 59.
Kd2 Rxc2+ 60. Kxc2 Kc5 1-0

[Event "I Weekend"]
[Site "Rivarolo Mantovano ITA"]
[Date "2003.10.12"]
[Round "2"]
[White "Bonugli, Carlo"]
[Black "Cottarelli, Franco"]
[Result "1/2-1/2"]
[WhiteElo "2047"]
[BlackElo "1698"]
[PlyCount "58"]
[EventDate "2003.10.11"]

1. e4 e5 2. Nc3 Nc6 3. f4 Bb4 4. Nd5 exf4 5. Qg4 d6 6. Qxf4 Be6 7. Bb5 Bc5 8.
Nf3 a6 9. Ba4 b5 10. Bb3 Nge7 11. Qg3 Ng6 12. c3 Ba7 13. d4 O-O 14. Bg5 Qd7 15.
O-O Bxd5 16. Bxd5 Rae8 17. Rfe1 b4 18. Nh4 bxc3 19. bxc3 Nxd4 20. cxd4 Bxd4+
21. Kh1 Bxa1 22. Rxa1 c6 23. Nxg6 hxg6 24. Bc4 Rxe4 25. Bxa6 Rfe8 26. Bd2 d5
27. Bd3 Ra4 28. Bc2 Rc4 29. Bd3 Ra4 1/2-1/2

[Event "I Weekend"]
[Site "Rivarolo Mantovano ITA"]
[Date "2003.10.12"]
[Round "2"]
[White "Braghetta, Sergio"]
[Black "Massa, Salvenrico"]
[Result "1-0"]
[WhiteElo "2255"]
[BlackElo "1750"]
[PlyCount "58"]
[EventDate "2003.10.11"]

1. e4 c6 2. d4 d5 3. e5 c5 4. dxc5 e6 5. Be3 Nc6 6. Nf3 Nge7 7. c3 Ng6 8. Bd4
Be7 9. Bd3 Bd7 10. O-O Qc7 11. Re1 O-O 12. Nbd2 Nd8 13. b4 a5 14. a3 Be8 15.
Nb3 axb4 16. axb4 Rxa1 17. Qxa1 f6 18. c4 Nf4 19. Bf1 Nh5 20. exf6 Bxf6 21.
Bxf6 gxf6 22. Nbd2 Qg7 23. g3 Bc6 24. cxd5 Bxd5 25. b5 Nf4 26. Qc3 e5 27. Qc4
h5 28. Nh4 Nf7 29. h3 Be4 1-0

[Event "I Weekend"]
[Site "Rivarolo Mantovano ITA"]
[Date "2003.10.12"]
[Round "2"]
[White "Conca, Mauro"]
[Black "Galli, Massimiliano"]
[Result "0-1"]
[WhiteElo "1600"]
[BlackElo "1440"]
[PlyCount "80"]
[EventDate "2003.10.11"]

1. f4 d5 2. e3 Nc6 3. Nf3 Nf6 4. d4 Bf5 5. Be2 Nb4 6. Na3 e6 7. c3 Nc6 8. Nb1
Bd6 9. O-O O-O 10. Ne5 Ne7 11. Nd2 c5 12. Bd3 Bxd3 13. Nxd3 c4 14. Ne5 Nf5 15.
Qe2 b5 16. e4 dxe4 17. b4 Qb6 18. Nxe4 Nxe4 19. Qxe4 Rfc8 20. Bd2 a5 21. a3 Ra6
22. Rab1 Rca8 23. g4 Ne7 24. Be3 R8a7 25. d5 exd5 26. Bxb6 dxe4 27. Bxa7 Rxa7
28. Rbd1 Bc7 29. Rd7 f6 30. Nf3 Bb6+ 31. Rd4 exf3 32. Rxf3 Bxd4+ 33. cxd4 axb4
34. axb4 Rd7 35. Re3 Kf7 36. f5 Rxd4 37. h3 Rd6 38. Ra3 Rc6 39. Ra5 c3 40. Rxb5
c2 0-1

[Event "I Weekend"]
[Site "Rivarolo Mantovano ITA"]
[Date "2003.10.12"]
[Round "2"]
[White "Dordoni, Dario"]
[Black "Zordan, Giovanni"]
[Result "1/2-1/2"]
[WhiteElo "1609"]
[BlackElo "1453"]
[PlyCount "120"]
[EventDate "2003.10.11"]

1. Nf3 c5 2. e4 e6 3. c3 Nf6 4. e5 Nd5 5. d4 cxd4 6. cxd4 Bb4+ 7. Bd2 O-O 8.
Nc3 Qa5 9. Qc2 d6 10. a3 dxe5 11. Nxe5 Nd7 12. Nc4 Qa6 13. Bd3 Bxc3 14. bxc3 g6
15. O-O Qc6 16. Rfe1 b6 17. Ne3 Bb7 18. Be4 Nxe3 19. Bxc6 Nxc2 20. Bxb7 Nxa1
21. Rxa1 Rad8 22. Bc6 Ne5 23. Bb5 Rd5 24. a4 Ng4 25. f3 Nf6 26. Be3 Rfd8 27. c4
R5d6 28. a5 h6 29. axb6 axb6 30. Kf2 g5 31. h3 Kg7 32. Ke2 Nh5 33. c5 bxc5 34.
dxc5 Rd5 35. Kf2 Nf4 36. Rc1 Nd3+ 37. Bxd3 Rxd3 38. c6 Rc8 39. c7 Rb3 40. Ba7
Rb7 41. Bb8 f5 42. Rd1 Rcxc7 43. Bxc7 Rxc7 44. Rd2 h5 45. g3 Kf7 46. Rb2 Kf6
47. Rd2 Ke7 48. Rb2 Rc4 49. Rb7+ Kf6 50. Rb2 g4 51. hxg4 hxg4 52. f4 e5 53.
Rb6+ Ke7 54. fxe5 Re4 55. e6 Rxe6 56. Rxe6+ Kxe6 57. Ke2 Kd5 58. Kd3 Ke6 59.
Ke2 Kf6 60. Kf2 Kg5 1/2-1/2

[Event "I Weekend"]
[Site "Rivarolo Mantovano ITA"]
[Date "2003.10.12"]
[Round "2"]
[White "Gallo, Carlo"]
[Black "Panizzi, Giuseppe"]
[Result "0-1"]
[WhiteElo "1654"]
[BlackElo "1841"]
[PlyCount "96"]
[EventDate "2003.10.11"]

1. c4 e5 2. Nc3 Nc6 3. Nf3 Nf6 4. g3 d5 5. cxd5 Nxd5 6. Bg2 Be6 7. O-O Be7 8.
d3 O-O 9. a3 a5 10. Bd2 Qd7 11. Rc1 f5 12. Nxd5 Bxd5 13. Bc3 Bf6 14. Re1 Rfe8
15. e4 Be6 16. exf5 Bd5 17. d4 e4 18. Ne5 Qxf5 19. Nxc6 Bxc6 20. Qd2 Qd5 21.
Re2 Re7 22. Rce1 Rae8 23. b4 a4 24. Bb2 g6 25. Re3 Kg7 26. f3 exf3 27. Bxf3 Qd6
28. Rxe7+ Rxe7 29. Rxe7+ Qxe7 30. d5 Be8 31. Bxf6+ Kxf6 32. Qc3+ Qe5 33. Qd3 b6
34. Bg2 Qe1+ 35. Bf1 Qe5 36. Qf3+ Ke7 37. Qd3 Kd6 38. Bg2 Bd7 39. Qf3 Qf5 40.
Qc3 Bb5 41. Qc1 Qe5 42. Qd1 Qe3+ 43. Kh1 Qxa3 44. Qe1 Bd7 45. Qf2 Qa1+ 46. Bf1
Bf5 47. Qf4+ Qe5 48. Qd2 Qxd5+ 0-1

[Event "I Weekend"]
[Site "Rivarolo Mantovano ITA"]
[Date "2003.10.12"]
[Round "2"]
[White "Ghirardi, Gianfranco"]
[Black "Schiatti, Piero"]
[Result "0-1"]
[WhiteElo "1615"]
[BlackElo "1804"]
[PlyCount "66"]
[EventDate "2003.10.11"]

1. f4 d5 2. Nf3 g6 3. g3 Bg7 4. c3 Nf6 5. Bg2 O-O 6. O-O c5 7. d3 Nc6 8. Qc2
Qc7 9. Re1 b6 10. e4 e6 11. Be3 Ng4 12. exd5 exd5 13. Bf2 Nxf2 14. Qxf2 Bf5 15.
Bf1 d4 16. Na3 dxc3 17. bxc3 Bxc3 18. Nb5 Bxe1 19. Qxe1 Qd7 20. Qb1 c4 21. Qb2
cxd3 22. Rd1 Rad8 23. Rd2 Rfe8 24. Na3 Qd5 25. Rf2 Nd4 26. Ng5 h6 27. Bg2 Re1+
28. Rf1 Rxf1+ 29. Kxf1 Qd7 30. Ne4 Qe7 31. Nc3 d2 32. Qxd2 Qxa3 33. Bd5 Bh3+
0-1

[Event "I Weekend"]
[Site "Rivarolo Mantovano ITA"]
[Date "2003.10.12"]
[Round "2"]
[White "Gualazzi, Paolo"]
[Black "Pipitone, Antonio"]
[Result "0-1"]
[WhiteElo "1684"]
[BlackElo "2014"]
[PlyCount "86"]
[EventDate "2003.10.11"]

1. d4 Nf6 2. c4 c5 3. d5 e6 4. Bg5 exd5 5. cxd5 Qa5+ 6. Nc3 Ne4 7. Bd2 Nxd2 8.
Qxd2 d6 9. e4 Be7 10. Bd3 Nd7 11. Nf3 O-O 12. O-O a6 13. Rae1 Bf6 14. Bb1 b5
15. Qc2 g6 16. Nd1 Re8 17. Ne3 Ne5 18. Nd2 c4 19. Qc1 Bd7 20. f4 Nd3 21. Bxd3
cxd3 22. a3 Rac8 23. Qd1 Bxb2 24. Nb3 Qb6 25. Qb1 Bc3 26. Qxd3 Bxe1 27. Rxe1
Rc4 28. Nd2 Rd4 29. Qe2 Ra4 30. Qd3 Qc5 31. Nb3 Qxa3 32. Nc2 Qb2 33. Ncd4 Rc4
34. f5 Qc3 35. Qd1 a5 36. fxg6 hxg6 37. Rf1 Qe3+ 38. Kh1 a4 39. Nf5 Bxf5 40.
exf5 axb3 41. fxg6 fxg6 42. Qb1 Rc2 43. Qa1 Qe2 0-1

[Event "I Weekend"]
[Site "Rivarolo Mantovano ITA"]
[Date "2003.10.12"]
[Round "2"]
[White "Moi, Roberto"]
[Black "Grillo, Francesco"]
[Result "1-0"]
[WhiteElo "1840"]
[BlackElo "1654"]
[PlyCount "91"]
[EventDate "2003.10.11"]

1. d4 d5 2. c4 c6 3. Nf3 Nf6 4. Nc3 e6 5. e3 Nbd7 6. Qc2 Bd6 7. g4 h6 8. h3 e5
9. cxd5 exd4 10. Nxd4 cxd5 11. Bg2 Nb6 12. Bd2 Bd7 13. Rd1 Rc8 14. Qb3 Ne4 15.
Ndb5 Be6 16. Nxe4 dxe4 17. Nxd6+ Qxd6 18. Qb5+ Bd7 19. Qb4 Qxb4 20. Bxb4 g6 21.
Bc3 O-O 22. Bxe4 Bc6 23. Bxc6 Rxc6 24. Ke2 Na4 25. Bd4 Rc2+ 26. Rd2 Rfc8 27.
Rhd1 a6 28. Rxc2 Rxc2+ 29. Rd2 Rc1 30. Kf3 Nc5 31. Bc3 f5 32. gxf5 gxf5 33. Rd5
Ne4 34. Rxf5 Nxc3 35. bxc3 Rxc3 36. a4 Rc4 37. a5 Kg7 38. e4 Rc3+ 39. Kg4 Rb3
40. Rd5 Rb5 41. Rxb5 axb5 42. Kf3 Kf6 43. Ke3 h5 44. h4 Ke6 45. Kd4 Kd6 46. f4
1-0

[Event "I Weekend"]
[Site "Rivarolo Mantovano ITA"]
[Date "2003.10.12"]
[Round "2"]
[White "Mussap, Angelo"]
[Black "Bocceda, Carlo"]
[Result "1-0"]
[WhiteElo "1807"]
[BlackElo "1636"]
[PlyCount "113"]
[EventDate "2003.10.11"]

1. d4 Nf6 2. c4 e6 3. Bg5 b6 4. Nf3 Bb7 5. e3 c5 6. Be2 cxd4 7. exd4 d6 8. O-O
Nbd7 9. Nc3 g6 10. Re1 Bg7 11. d5 e5 12. Ne4 Qc7 13. Nfd2 Nxe4 14. Nxe4 f5 15.
Nc3 O-O 16. Nb5 Qb8 17. Be7 Rf6 18. Bxf6 Nxf6 19. Rb1 a6 20. Nc3 Qc7 21. a4 Nd7
22. Qd2 Re8 23. Bf1 Qd8 24. f3 h6 25. Qf2 Kh7 26. Na2 Rg8 27. b4 Bf6 28. Nc1
Qf8 29. Nd3 Qg7 30. Kh1 h5 31. a5 g5 32. axb6 Qg6 33. b5 axb5 34. Rxb5 g4 35.
f4 e4 36. Nb4 h4 37. g3 hxg3 38. hxg3 Rh8 39. Kg1 Qg7 40. Rd1 Kg8 41. Ra5 Qh6
42. Bg2 Bc3 43. Ra4 Nc5 44. Qc2 Nxa4 45. Qxa4 Qf6 46. Nc2 Qe7 47. Ne3 Qf7 48.
Qb3 Qf6 49. Nxf5 Qxf5 50. Qxc3 Kf7 51. Re1 Re8 52. Qe3 Kg8 53. Bxe4 Qf6 54. Qd2
Ba6 55. Bh7+ Kxh7 56. Rxe8 Bxc4 57. Qc2+ 1-0

[Event "I Weekend"]
[Site "Rivarolo Mantovano ITA"]
[Date "2003.10.12"]
[Round "2"]
[White "Romagnoli, Franco"]
[Black "Garofalo, Sergio"]
[Result "1-0"]
[WhiteElo "1940"]
[BlackElo "1663"]
[PlyCount "65"]
[EventDate "2003.10.11"]

1. e4 e5 2. Nc3 Nf6 3. Bc4 c6 4. d4 Bd6 5. Nf3 Qc7 6. O-O h6 7. Be3 Ng4 8. h3
Nxe3 9. fxe3 O-O 10. Nh4 exd4 11. exd4 Bh2+ 12. Kh1 d5 13. exd5 b5 14. Bb3 Qg3
15. Nf3 a5 16. a4 bxa4 17. Rxa4 Ba6 18. Ne2 Bxe2 19. Qxe2 Nd7 20. Nxh2 Rfe8 21.
Qg4 Qxg4 22. Nxg4 Nb6 23. dxc6 Nxa4 24. Bxa4 f6 25. b3 h5 26. Nf2 Re3 27. c4
Kf8 28. d5 Ke7 29. Rd1 Kd6 30. c5+ Kc7 31. d6+ Kd8 32. c7+ Kc8 33. Bc6 1-0

[Event "I Weekend"]
[Site "Rivarolo Mantovano ITA"]
[Date "2003.10.12"]
[Round "2"]
[White "Ruggeri, Dario"]
[Black "Tencati, Giuseppe"]
[Result "1-0"]
[WhiteElo "1729"]
[BlackElo "2115"]
[PlyCount "87"]
[EventDate "2003.10.11"]

1. e4 e6 2. d4 d5 3. Nc3 Nf6 4. Bg5 Be7 5. e5 Nfd7 6. Bxe7 Qxe7 7. Qg4 f5 8.
Qf4 a6 9. Nf3 c5 10. Bd3 Nc6 11. O-O cxd4 12. Nxd4 Nxd4 13. Qxd4 Qc5 14. Qxc5
Nxc5 15. Be2 b5 16. f4 O-O 17. Bf3 Bb7 18. Rad1 Rac8 19. Ne2 Na4 20. Nd4 Kf7
21. Rb1 Rc5 22. Rfc1 Rfc8 23. c3 Ba8 24. Kf2 b4 25. Nb3 Rc4 26. cxb4 Rxc1 27.
Rxc1 Rxc1 28. Nxc1 Nxb2 29. Ke3 h6 30. Kd4 Na4 31. Nb3 Ke7 32. Nc5 Nxc5 33.
Kxc5 Bb7 34. a4 g5 35. g3 Kd7 36. Kb6 Kc8 37. Be2 Kb8 38. a5 g4 39. Bd3 Bc8 40.
b5 axb5 41. Bxb5 Bb7 42. a6 Ba8 43. Bd7 d4 44. a7# 1-0

[Event "I Weekend"]
[Site "Rivarolo Mantovano ITA"]
[Date "2003.10.12"]
[Round "2"]
[White "Trazzi, Enrico"]
[Black "Gozzi, Fabrizio"]
[Result "0-1"]
[WhiteElo "1642"]
[BlackElo "1812"]
[PlyCount "100"]
[EventDate "2003.10.11"]

1. d4 Nf6 2. c4 d6 3. Nc3 e5 4. dxe5 dxe5 5. Qxd8+ Kxd8 6. Bg5 c6 7. Nf3 Nbd7
8. O-O-O Kc7 9. h3 Bb4 10. Bh4 Bxc3 11. bxc3 Ne4 12. Kc2 f6 13. Nd2 Ndc5 14.
Nxe4 Nxe4 15. f3 Nc5 16. e4 Be6 17. Bf2 b6 18. Bxc5 bxc5 19. Be2 Rab8 20. Rb1
f5 21. exf5 Bxf5+ 22. Bd3 Bxd3+ 23. Kxd3 Rhd8+ 24. Kc2 Rxb1 25. Rxb1 Rf8 26.
Re1 Kd6 27. Re4 Ke6 28. Kd3 g5 29. Ke3 Rb8 30. Kf2 Kf5 31. g3 Rb6 32. g4+ Kf6
33. Re2 Ra6 34. Ke3 Rb6 35. Kf2 Rb1 36. Rc2 a5 37. Kg2 a4 38. Kf2 a3 39. Kg2
Rb2 40. Rf2 e4 41. fxe4+ Ke5 42. Kf3 Rxf2+ 43. Kxf2 Kxe4 44. Ke2 h6 45. Kd2 Kf3
46. Kc2 Kg3 47. Kb3 Kxh3 48. Kxa3 Kxg4 49. Kb2 Kf5 50. a4 Ke6 0-1